| 000 | 01364nam a22003374a 4500 | ||
|---|---|---|---|
| 001 | ebr10069908 | ||
| 003 | CaPaEBR | ||
| 006 | m u | ||
| 007 | cr cn||||||||| | ||
| 008 | 020312s2002 enka sb 001 0 eng | ||
| 010 | _z 2002024624 | ||
| 020 | _z0521816696 (alk. paper) | ||
| 040 |
_aCaPaEBR _cCaPaEBR |
||
| 035 | _a(OCoLC)228110971 | ||
| 050 | 1 | 4 |
_aQA326 _b.P37 2002eb |
| 082 | 0 | 4 |
_a512/.55 _221 |
| 100 | 1 |
_aPaulsen, Vern I., _d1951- |
|
| 245 | 1 | 0 |
_aCompletely bounded maps and operator algebras _h[electronic resource] / _cVern Paulsen. |
| 260 |
_aCambridge ; _aNew York : _bCambridge University Press, _c2002. |
||
| 300 |
_axii, 300 p. : _bill. |
||
| 490 | 1 |
_aCambridge studies in advanced mathematics ; _v78 |
|
| 504 | _aIncludes bibliographical references (p. 285-295) and index. | ||
| 533 |
_aElectronic reproduction. _bPalo Alto, Calif. : _cebrary, _d2013. _nAvailable via World Wide Web. _nAccess may be limited to ebrary affiliated libraries. |
||
| 650 | 0 | _aOperator algebras. | |
| 650 | 0 | _aDilation theory (Operator theory) | |
| 650 | 0 | _aMappings (Mathematics) | |
| 655 | 7 |
_aElectronic books. _2local |
|
| 710 | 2 | _aebrary, Inc. | |
| 830 | 0 |
_aCambridge studies in advanced mathematics ; _v78. |
|
| 856 | 4 | 0 |
_uhttp://site.ebrary.com/lib/rucke/Doc?id=10069908 _zAn electronic book accessible through the World Wide Web; click to view |
| 999 |
_c42556 _d42556 |
||